000 01295nam0a22002891 4500
001 rc\4009664
005 20260407093618.0
021 _aRU
_b[48-28774]
035 _a(NLR Aleph) 008078698
090 _a9109499
_c9109499
100 _a20130415d1948 |||y0rusy50 ca
101 0 _arus
102 _aRU
105 _aa z |||||
200 1 _aИнструкция по методике контроля проветривания
_fМ-во внутр. дел СССР. Главспеццветмет. Науч.-исслед. ин-т "Нигризолото"
210 _aМосква
_cГлавспеццветмет
_d1948
215 _a48 с.
_cил.
_d20
300 _aНа обороте тит. л. сост.: инж. А.Х. Дзасохов
606 _aШахты
_xПроветривание
_xКонтроль
_2psbo
606 _aРудничная вентиляция
_xКонтроль
_2psbo
700 1 _aДзасохов
_bА.Х.
_gАнатолий Харитонович
_4220
712 0 2 _aЦентральный научно-исследовательский горно-разведочный институт
_cМосква
_3RU\NLR\AUTH\889917189
_9330550
801 0 _aRU
_bNLR
_gpsbo
801 1 _aRU
_bELAR
_2rusmarc
852 _aNLR
_jТ26 Г-4/545
942 _cBOOK
980 _aNB